Les 10 meilleurs buteurs de la coupe du monde 1998 - Statistiques

Statistiques générales
  • Ce quiz a été pris 134 fois
  • Le résultat moyen est 5 sur 10
Statistiques - réponses
Buts Joueur % Correct
4 Ronaldo
93%
3 Henry
84%
6 Suker
67%
3 Rivaldo
51%
3 Bergkamp
40%
5 Batistuta
39%
3 Bebeto
30%
5 Vieri
30%
4 Hernandez
17%
4 Salas
15%
Aucun quiz correspondant
Distribution des résultats
% des personnes avec chaque résultat
Percentile par nombre de réponses
Votre historique - résultats
Vous n’avez pas pris ce quiz